Movies Quiz

Random Movies or Animation Quiz
Score 0/20 Timer 05:00
4 Plays Today
% Correct
The Many Adventures of Winnie the Pooh
98.6%
Snow White and Seven Dwarfs
98.6%
The SpongeBob SquarePants Movie
94.7%
Despicable Me
93.9%
Finding Dory
93.8%
Lady and the Tramp
93.7%
The Incredibles
92.5%
The Little Mermaid
92.4%
Monsters, Inc.
92.1%
Pinocchio
89.4%
% Correct
Aladdin
89.1%
The Nightmare Before Christmas
88.8%
Frozen
88%
Toy Story
87.8%
Beauty and the Beast
87.2%
Kung Fu Panda
82%
Tangled
80.8%
Rio
76.8%
The Aristocats
75.3%
Big Hero 6
68.2%

You're not logged in!

Compare scores with friends on all Sporcle quizzes.
OR
Log In

Sporcle TV

Today on Sporcle TV


Watch our educational content, quiz creation guides, and fun videos on Sporcle TV.

Show Comments

Extras

Top Quizzes Today


Score Distribution

Your Account Isn't Verified!

In order to create a playlist on Sporcle, you need to verify the email address you used during registration. Go to your Sporcle Settings to finish the process.

Report this User

Report this user for behavior that violates our Community Guidelines.

Details: